000 01016nac a22003017a 4500
001 BR0403282
003 BR-BrBNA
005 20240105123023.0
008 230509b bl.|||m| |||| 00| 0 por d
040 _aBR-BrBNA
_bpor
_cBiblioteca Nacional de Agricultura
072 _aP35
090 _aP35 BR0403282
100 1 _aBernardi, A.C. de C.
100 1 _aSilva, C.A.
110 1 _aEMBRAPA Solos, Rio de Janeiro, RJ (Brasil)
_93741
245 1 _aPrograma de análise de qualidade de laboratórios de fertilidade (PAQLF)que usam o método EMBRAPA: desempenho dos participantes em 2000
260 3 _aRio de Janeiro, RJ (Brasil):
_c2001.
300 _a8 p.
490 _aComunicado Técnico - EMBRAPA Solos (Brazil)
_vno. 6
_xISSN 1517-5685
500 _aSummary (Pt); 6 ref.
650 _aANÁLISE DO SOLO
650 _aFERTILIDADE DO SOLO
650 _aMATÉRIA ORGÂNICA
650 _aQUALIDADE
650 _aLABORATÓRIO
909 _a202312
_bLúcia Elande
_c55
_dLúcia Elande
942 _2AGRIS
_n0
_cMS
999 _c293664
_d293664